01136nam a2200265 a 45000010005000000030005000050050017000100080041000270200015000680400020000832450099001032600026002023000016002284900044002445000031002885050097003196500042004167000031004587000032004899420013005219990015005349520102005499520117006519520102007681500CDMR20131015121948.0130130s1983||||||||||||||||||||||||||||d a8420680642 aCDMRbcatcCDMR00aHistoria del periodismo en Españacdirigida por María Dolores Sáiz y María Cruz Seoane aMadridc1983bAlianza a3 v.c21 cm0 aAlianza Universidad Textosv64, 68, 159 aVol. 3: reimpressió 1996 aConté: 1.- Los orígenes. El siglo XVIII ; 2.- El siglo XIX ; 3.- El siglo XX (1898-1936)0493173aPeriodismexHistòriazEspanya1 91131aSeoane, María Cruz1 91134aSaiz, María Dolores cMON2udc c1500d1500 00104070aCDMRbCDMRd2013-01-16l0oDt 9/18pCDMR13097470r2013-09-27tVol. 1w2013-09-27yMON 00104070aCDMRbCDMRd2013-01-16l1m1oDt 9/19pCDMR13097471r2018-01-18s2017-12-14tVol. 2w2013-09-27yMON 00104070aCDMRbCDMRd2013-01-16l0oDt 9/20pCDMR13097472r2013-09-27tVol. 3w2013-09-27yMON